01700nam a22003254a 4500001000500000005001700005006001900022007000300041008004100044020001800085040000900103041000800112082002000120100002900140245009700169246002100266250002000287260003200307300002500339505032100364650006200685650007500747650004600822942004900868952010300917952010301020952011701123952011701240999001701357UTEA20240914013634.0g||||gr||||||01 nzta200206b pe ||||| |||| 00| 0 spa d a9789587784626 aUTEA aspa a658.7 bC1 2019 aTundidor, AlbertoeAutor aCadena de Suministro 4.0 b: beneficios y retos de las tecnologías disruptivas h[Impreso] cAlberto,Tundidor a1a. edición : aBogotà,bAlfaomega,c2019 a127 pàginasc20 cm aLa cadena de suministro y las tecnologías disruptivas -- Impresoras 3D : cambios en el mercado mundial de recambios -- El vehículo autónomo y eléctrico -- La realidad aumentada irrumpe en la industria 4.0 -- Gestión de la información 4.0 -- Modelos de organización humana en la cadena de suministro 4.0 aLa realidad aumentada irrumpe en la industria 4.0 944698 aModelos de organización humana en la cadena de suministro 4.0944699 aGestión de la información 4.0 944700 cBKe2024-09-132ddczLizbeth Cañari Quispe 00102ddc40708EPISF1aBABAbBABAcSALA1d2020-02-06eCPo658.7 C1 2019pBABA20020233tej. 1yBK 00102ddc40708EPISF1aBABAbBABAcSALA1d2020-02-06eCPo658.7 C1 2019pBABA20020297tej. 2yBK 00102ddc40708EPISF1aBCUSbBCUScBiblioteca Puputid2024-09-13eCPo658.7 C1 2019pBCUS20020797tej. 1yBKk 00102ddc40708EPISF1aBCUSbBCUScBiblioteca Puputid2024-09-13eCPo658.7 C1 2019pBCUS20020938tej. 2yBKk c14918d14918